000
00271nam a22001217a 4500
003
SGT
082
_a
616.89
_b
C14G
100
_a
GAVIN, HELEN
245
_a
CRIMINOLOGICAL AND FORENSIC PSYCHOLOGY
260
_a
ANGELES
_b
SAGE
_c
2014
300
_a
409
942
_2
ddc
_c
BK
_0
1
999
_c
15036
_d
15036